| Tag |
First Indicator |
Second Indicator |
Subfields |
| LEADER |
00000cam a2200000 a 4500 |
| 001 |
in00000097672 |
| 005 |
20150924085351.0 |
| 008 |
820330s1981 ne b 00010 eng |
| 010 |
|
|
|a 81050358
|
| 015 |
|
|
|a Ne***
|
| 020 |
|
|
|a 902472547X
|
| 035 |
|
|
|a (OCoLC)08263202
|
| 035 |
|
|
|9 AAK9296AM
|
| 039 |
0 |
|
|a 2
|b 3
|c 3
|d 3
|e 3
|
| 040 |
|
|
|a DLC
|c DLC
|d TXA
|d UtOrBLW
|
| 043 |
|
|
|a ew-----
|
| 049 |
|
|
|a TXAM
|c [1633276]
|
| 050 |
0 |
0 |
|a HF2039.5 Z7
|b B67
|
| 082 |
0 |
|
|a 382.7/53/094
|2 19
|
| 100 |
1 |
|
|a Borrmann, Axel.
|
| 245 |
1 |
4 |
|a The EC's generalized system of preferences /
|c by Axel Borrmann, Christine Borrmann, Manfred Stegger.
|
| 264 |
|
1 |
|a The Hague ;
|a Boston :
|b Nijhoff ;
|c 1981.
|
| 264 |
|
2 |
|a Hingham, MA :
|b Distributors for the United States and Canada, Kluwer Boston,
|
| 300 |
|
|
|a 276 pages ;
|c 25 cm.
|
| 336 |
|
|
|a text
|b txt
|2 rdacontent
|
| 337 |
|
|
|a unmediated
|b n
|2 rdamedia
|
| 338 |
|
|
|a volume
|b nc
|2 rdacarrier
|
| 500 |
|
|
|a "A publication of the HWWA-Institut fur Wirtschaftsforschung- Hamburg"--Verso title page.
|
| 504 |
|
|
|a Bibliography: pages 265-276.
|
| 650 |
|
0 |
|a Tariff preferences
|z European Economic Community countries.
|
| 700 |
1 |
|
|a Borrmann, Christine.
|
| 700 |
1 |
|
|a Stegger, Manfred.
|
| 710 |
2 |
|
|a HWWA-Institut für Wirtschaftsforschung-Hamburg.
|
| 740 |
0 |
|
|a E.C.'s generalized system of preferences.
|
| 999 |
|
|
|a MARS
|
| 999 |
f |
f |
|s 217abc86-2eed-389a-b4f4-c9fa6cee02a6
|i d12dbdf8-94e7-37bc-9817-30fc0bdf217f
|t 0
|
| 952 |
f |
f |
|p ric
|a Texas A&M University
|b Rellis Campus
|c Joint Library Facility
|d Remote Storage
|t 0
|e HF2039.5 Z7 B67
|h Library of Congress classification
|i unmediated -- volume
|m A14806020869
|
| 998 |
f |
f |
|a HF2039.5 Z7 B67
|t 0
|l Remote Storage
|